1000 sagedasemat sõna eesti keeles - Statistics

General Stats
  • This quiz has been taken 137 times
  • The average score is 134 of 1003
Answer Stats
Vastus % Correct
ja
96%
te
94%
ma
92%
ei
86%
ta
86%
ka
85%
me
84%
sa
83%
su
78%
kui
74%
kas
72%
kus
70%
mina
68%
sina
66%
kes
65%
kuu
65%
mu
65%
meie
64%
teie
64%
et
63%
jah
63%
mis
63%
nad
63%
on
62%
aga
60%
mil
59%
uks
59%
üks
59%
kuid
58%
tema
58%
too
58%
töö
58%
auto
56%
kolm
56%
viis
56%
kah
55%
ole
55%
suu
55%
neli
54%
nemad
54%
tee
54%
või
54%
isa
53%
kaks
53%
kell
53%
minu
53%
pea
53%
seitse
53%
ühe
53%
ema
52%
kahe
52%
kuus
52%
sinu
51%
kaheksa
50%
maa
50%
no
50%
see
50%
tal
50%
miks
49%
mul
49%
aeg
48%
kümme
48%
päev
48%
sul
48%
ju
47%
maja
47%
sest
47%
siis
47%
vana
47%
hea
46%
mille
45%
ees
44%
ning
44%
saa
44%
sel
44%
täna
44%
homme
43%
kelle
43%
meil
43%
mida
43%
oli
43%
tule
43%
üle
43%
eest
42%
kuidas
42%
vesi
42%
kodu
41%
millal
41%
nii
41%
päike
41%
vaid
41%
all
40%
eile
40%
laps
40%
mees
40%
naine
39%
suur
39%
aasta
38%
ega
38%
jää
38%
oh
38%
teil
38%
väike
38%
eesti
37%
ehk
37%
käsi
37%
tuli
37%
arv
36%
selle
36%
taha
36%
must
35%
nende
35%
siin
34%
tõi
34%
vee
34%
ah
33%
head
33%
ilm
33%
mulle
33%
neil
33%
peal
33%
raha
33%
sai
33%
valge
33%
alla
32%
keda
32%
kuhu
32%
kuna
32%
seal
32%
ilus
31%
olema
31%
olen
31%
saab
31%
sulle
31%
uus
31%
eks
30%
nelja
30%
abi
29%
seda
29%
taga
29%
tuhat
29%
vähe
29%
aega
28%
aja
28%
ette
28%
kellel
28%
linn
28%
meile
28%
pole
28%
talle
28%
viie
28%
elu
27%
muu
27%
siia
27%
teile
27%
veel
27%
käe
26%
kolme
26%
noor
26%
palun
26%
sisse
26%
suure
26%
üles
26%
vastu
26%
esimene
25%
kellega
25%
palju
25%
sõna
25%
tea
25%
koht
24%
milleks
24%
nagu
24%
nägu
24%
olla
24%
peale
24%
pool
24%
teine
24%
välja
24%
ära
23%
asi
23%
kellele
23%
läheb
23%
lähen
23%
läks
23%
lapse
23%
maal
23%
neid
23%
oled
23%
oleme
23%
saan
23%
sees
23%
sind
23%
tüdruk
23%
vanaema
23%
millel
22%
mind
22%
neile
22%
oleks
22%
tegi
22%
võib
22%
iga
21%
koju
21%
kolmas
21%
kust
21%
näe
21%
noh
21%
saama
21%
teed
21%
teid
21%
aru
20%
küll
20%
millega
20%
minema
20%
sellel
20%
tead
20%
tuleb
20%
vene
20%
ilma
19%
inimene
19%
kõik
19%
koos
19%
meid
19%
näis
19%
nimi
19%
poiss
19%
selles
19%
sinna
19%
üksi
19%
alt
18%
ise
18%
kodus
18%
mehe
18%
minna
18%
naise
18%
need
18%
olete
18%
olid
18%
oma
18%
parem
18%
peaks
18%
tahan
18%
teda
18%
teel
18%
teist
18%
tulla
18%
vaata
18%
end
17%
kooli
17%
lapsed
17%
last
17%
pärast
17%
pead
17%
pealt
17%
poeg
17%
riik
17%
teeb
17%
ainult
16%
enda
16%
enne
16%
linna
16%
meest
16%
millele
16%
milles
16%
õige
16%
olgu
16%
päeva
16%
saaks
16%
selleks
16%
sellest
16%
siit
16%
tegema
16%
tulema
16%
vaba
16%
vähem
16%
väljas
16%
ajal
15%
hakka
15%
kala
15%
olin
15%
peab
15%
pean
15%
poole
15%
sealt
15%
sellega
15%
tagant
15%
täis
15%
tean
15%
teise
15%
tuba
15%
uue
15%
vett
15%
vist
15%
asja
14%
kella
14%
koha
14%
kõige
14%
kõigi
14%
kord
14%
laste
14%
maad
14%
mitu
14%
naist
14%
nüüd
14%
tahab
14%
teha
14%
tööle
14%
tuul
14%
vanem
14%
aastat
13%
enam
13%
ent
13%
inimese
13%
jäi
13%
juba
13%
juures
13%
kaasa
13%
käed
13%
käis
13%
kohe
13%
kõrval
13%
kuidagi
13%
kunagi
13%
kuud
13%
läbi
13%
midagi
13%
millest
13%
mitte
13%
muud
13%
olnud
13%
pidi
13%
pikk
13%
rohkem
13%
saada
13%
said
13%
sain
13%
selge
13%
sellele
13%
siiski
13%
silma
13%
tahad
13%
terve
13%
tööd
13%
tulid
13%
üht
13%
väga
13%
vara
13%
võiks
13%
võta
13%
aastal
12%
andma
12%
keegi
12%
keele
12%
kuigi
12%
küsimus
12%
linnas
12%
majas
12%
mõte
12%
olime
12%
osa
12%
päris
12%
riigi
12%
saavad
12%
tagasi
12%
teab
12%
temale
12%
tuleks
12%
tulevad
12%
ütles
12%
võibolla
12%
võib-olla
12%
ajaks
11%
alati
11%
alles
11%
elus
11%
hästi
11%
hiljem
11%
hind
11%
ikka
11%
just
11%
juurde
11%
käes
11%
kõigile
11%
kõrge
11%
läksid
11%
meeste
11%
musta
11%
nägi
11%
õpetaja
11%
osta
11%
polnud
11%
poolt
11%
sõnad
11%
suurem
11%
suuri
11%
tahaks
11%
tänu
11%
temaga
11%
viga
11%
ajas
10%
arvan
10%
esimese
10%
jääb
10%
jälle
10%
kätte
10%
kiiresti
10%
kokku
10%
korda
10%
lähevad
10%
läksin
10%
näeb
10%
nime
10%
öösel
10%
raske
10%
selline
10%
tahtis
10%
tähtis
10%
toob
10%
ühel
10%
ühte
10%
vahel
10%
varsti
10%
aitab
9%
arvas
9%
asjad
9%
igal
9%
inimesed
9%
inimest
9%
kellegi
9%
kinni
9%
kivi
9%
korra
9%
kõrvale
9%
kuhugi
9%
maha
9%
metsa
9%
öelda
9%
olemas
9%
päeval
9%
pealegi
9%
rääkis
9%
suured
9%
suurt
9%
teevad
9%
tegid
9%
ukse
9%
ütleb
9%
vaatas
9%
aastaid
8%
anda
8%
andis
8%
annab
8%
elab
8%
endale
8%
hakkama
8%
hommikul
8%
juht
8%
käest
8%
käib
8%
keeles
8%
kerge
8%
kirja
8%
kogu
8%
kohal
8%
kohta
8%
kõigest
8%
kõike
8%
kuni
8%
kusagil
8%
küsis
8%
lähedal
8%
lahti
8%
lihtne
8%
lugu
8%
milline
8%
mingi
8%
mitme
8%
muusika
8%
naiste
8%
neist
8%
õhtul
8%
ongi
8%
oska
8%
pani
8%
peaaegu
8%
peaksid
8%
peavad
8%
pilt
8%
poleks
8%
praegu
8%
räägib
8%
rahva
8%
sellepärast
8%
silmad
8%
süda
8%
suuda
8%
tõsi
8%
üsna
8%
usu
8%
uued
8%
uut
8%
väikese
8%
vaja
8%
varem
8%
viia
8%
võttis
8%
abil
7%
aina
7%
ainus
7%
edasi
7%
jäid
7%
jumal
7%
kaugel
7%
keskel
7%
koolis
7%
maksma
7%
mehed
7%
muidu
7%
naised
7%
otsa
7%
paar
7%
politsei
7%
rahu
7%
sellise
7%
sõnas
7%
taas
7%
talu
7%
tegu
7%
teisel
7%
teiste
7%
tulnud
7%
uusi
7%
valitsus
7%
viimane
7%
võtab
7%
aastate
6%
esimesel
6%
hääl
6%
hakkab
6%
hakkas
6%
ikkagi
6%
inimeste
6%
keha
6%
kohale
6%
kõiki
6%
korraks
6%
lapsi
6%
maksab
6%
minust
6%
mõni
6%
natuke
6%
ometi
6%
pähe
6%
paljud
6%
pank
6%
pidid
6%
president
6%
rahvas
6%
sama
6%
selga
6%
selja
6%
sõnu
6%
vaatama
6%
vähemalt
6%
võis
6%
võtma
6%
võtta
6%
algab
5%
arvata
5%
asju
5%
elas
5%
ennast
5%
eriti
5%
esimest
5%
heaks
5%
hoone
5%
jalad
5%
kahju
5%
kaua
5%
küllalt
5%
läinud
5%
lasta
5%
leiab
5%
lihtsalt
5%
lõi
5%
lõpuks
5%
maailma
5%
mõne
5%
mõtles
5%
nädala
5%
näo
5%
poisid
5%
seega
5%
seisab
5%
seni
5%
surnud
5%
suvel
5%
teised
5%
teisele
5%
toas
5%
tüdruku
5%
ühes
5%
üldse
5%
ümber
5%
umbes
5%
vaatasin
5%
veelgi
5%
veidi
5%
võivad
5%
äkki
4%
akna
4%
ammu
4%
ehkki
4%
huvi
4%
ilmselt
4%
inimesi
4%
jaoks
4%
järel
4%
järgi
4%
juhul
4%
käia
4%
kedagi
4%
keelt
4%
kindel
4%
kohus
4%
korral
4%
küsida
4%
mõlemad
4%
mööda
4%
mõttes
4%
nägin
4%
näha
4%
niimoodi
4%
noored
4%
omal
4%
otsas
4%
otse
4%
paari
4%
peamiselt
4%
pika
4%
rääkida
4%
riigikogu
4%
saanud
4%
seegi
4%
seisma
4%
seljas
4%
sõita
4%
täiesti
4%
tänava
4%
tehtud
4%
teinud
4%
tõesti
4%
toime
4%
tundi
4%
tuua
4%
vaatab
4%
vastas
4%
võimalik
4%
alguses
3%
arvates
3%
asub
3%
eelmise
3%
eemale
3%
elada
3%
enamasti
3%
enamik
3%
endine
3%
firma
3%
hakanud
3%
hakata
3%
hakkasid
3%
hakkavad
3%
hetkel
3%
hiljuti
3%
hoida
3%
huvitav
3%
inglise
3%
isegi
3%
jäänud
3%
jäävad
3%
juhtus
3%
jutt
3%
kadus
3%
käega
3%
käinud
3%
keset
3%
kevadel
3%
kindlasti
3%
kirjutada
3%
kirjutas
3%
kõigepealt
3%
külge
3%
küsib
3%
lausus
3%
leida
3%
leidis
3%
ligi
3%
liiga
3%
linnapea
3%
lugeda
3%
luua
3%
maailmas
3%
mängu
3%
meelest
3%
mingil
3%
mingit
3%
mõned
3%
muidugi
3%
muuta
3%
nädalat
3%
näiteks
3%
niisama
3%
niisiis
3%
nimel
3%
nõnda
3%
nõus
3%
õigus
3%
oleksid
3%
olevat
3%
oluline
3%
osas
3%
paneb
3%
pigem
3%
piisavalt
3%
poolest
3%
proua
3%
püsti
3%
puudub
3%
saata
3%
saksa
3%
seadus
3%
seas
3%
seekord
3%
seina
3%
sellist
3%
sõitis
3%
sõnul
3%
sügisel
3%
suhteliselt
3%
tänavu
3%
teada
3%
teadis
3%
teadnud
3%
tegelikult
3%
teiseks
3%
temast
3%
tihti
3%
toimub
3%
tõttu
3%
tunne
3%
üha
3%
ühest
3%
ühtegi
3%
ütlesin
3%
uudised
3%
uuesti
3%
vaadata
3%
vahele
3%
vahelt
3%
valmis
3%
võimalus
3%
võinud
3%
võõras
3%
ääres
2%
aeg-ajalt
2%
algul
2%
andnud
2%
antud
2%
asemel
2%
avatud
2%
hinge
2%
hulgas
2%
istus
2%
jääda
2%
järele
2%
järgmise
2%
järgmisel
2%
järsku
2%
jätnud
2%
jätta
2%
jooksul
2%
jõuab
2%
juhataja
2%
justkui
2%
korras
2%
küllap
2%
laua
2%
leidnud
2%
lõpus
2%
mõelda
2%
mõista
2%
mõnda
2%
mõtet
2%
mõtlesin
2%
muutub
2%
muutunud
2%
muutus
2%
nimelt
2%
öelnud
2%
õieti
2%
ootab
2%
paistab
2%
panga
2%
panna
2%
pannud
2%
pärit
2%
peremees
2%
pidas
2%
pidevalt
2%
presidendi
2%
ringi
2%
sageli
2%
samas
2%
seetõttu
2%
seisis
2%
selgeks
2%
silmi
2%
sugugi
2%
sündinud
2%
suutnud
2%
tähelepanu
2%
tänaval
2%
täpselt
2%
teatas
2%
tehakse
2%
tekib
2%
tõenäoliselt
2%
tohi
2%
tundis
2%
tundub
2%
tuppa
2%
ülikooli
2%
uute
2%
vaikselt
2%
alates
1%
astus
1%
direktor
1%
eelkõige
1%
elanud
1%
endast
1%
esile
1%
esimehe
1%
härra
1%
hoopis
1%
hulk
1%
hüüdis
1%
igatahes
1%
järjest
1%
jättis
1%
jõudis
1%
jõudnud
1%
juttu
1%
kadunud
1%
kahjuks
1%
kinnitas
1%
koguni
1%
kostis
1%
krooni
1%
kuulda
1%
kuulnud
1%
lausa
1%
lepingu
1%
liidu
1%
liige
1%
lisaks
1%
lõpuni
1%
lubas
1%
maksta
1%
meelde
1%
miljoni
1%
mingeid
1%
mõeldud
1%
mõnikord
1%
möödunud
1%
nädalal
1%
näinud
1%
nõuab
1%
nõukogu
1%
nõukogude
1%
õhku
1%
oleksin
1%
olukord
1%
oodata
1%
osanud
1%
otsus
1%
paremini
1%
peaminister
1%
pidanud
1%
pilk
1%
pisut
1%
põhjal
1%
rahulikult
1%
riikide
1%
saadud
1%
saatis
1%
samuti
1%
seaduse
1%
seepärast
1%
selgitas
1%
selgus
1%
surma
1%
suunas
1%
tähendab
1%
tahtnud
1%
tavaliselt
1%
teatud
1%
tegemist
1%
teises
1%
teisiti
1%
tekkis
1%
tõsiselt
1%
tõusis
1%
tundus
1%
ükski
1%
üksnes
1%
ülejäänud
1%
vaadates
1%
vaatamata
1%
vahepeal
1%
valitsuse
1%
viimase
1%
võimalust
1%
võimatu
1%
võrra
1%
võrreldes
1%
alusel
0%
andmetel
0%
asus
0%
balti
0%
eelmisel
0%
endiselt
0%
esialgu
0%
esimees
0%
hinnangul
0%
hoidis
0%
hoolimata
0%
hulka
0%
igaüks
0%
ilmus
0%
juhatuse
0%
juhtunud
0%
kandis
0%
kasutada
0%
kaudu
0%
kinnitusel
0%
kohaselt
0%
kombel
0%
korraga
0%
kuulub
0%
laiali
0%
lasknud
0%
laupäeval
0%
lisas
0%
loomulikult
0%
märkas
0%
märkis
0%
märtsil
0%
miljardit
0%
miljonit
0%
näitab
0%
näitas
0%
nentis
0%
niisugune
0%
noormees
0%
oligi
0%
omavahel
0%
ootamatult
0%
otsekui
0%
otsuse
0%
otsustas
0%
paistis
0%
pandud
0%
paraku
0%
partei
0%
pidada
0%
pilgu
0%
põhjust
0%
protsenti
0%
puhul
0%
püüdis
0%
samal
0%
seejärel
0%
seotud
0%
suhted
0%
suhtes
0%
tarvis
0%
tekkinud
0%
tõepoolest
0%
toimunud
0%
tõmbas
0%
tõstis
0%
tõusnud
0%
tunda
0%
tundnud
0%
tundsin
0%
tunnistas
0%
tuntud
0%
vaevalt
0%
väitis
0%
vastavalt
0%
viimasel
0%
võeti
0%
võetud
0%
võtnud
0%
No matching quizzes found
Score Distribution
Percent of People with Each Score
Percentile by Number Answered
Your Score History
You have not taken this quiz